LEADER 00851nam a2200217 i 4500 001 000000203550 003 CaOOAMICUS 005 20110630000000.0 008 110630n it u000 u ita u 013 $a182263 040 $aSeMil$bita 100 1 $aColzani, Giovanni.$0(OLS)http://semarc/name/73491 245 13$aLa catechesi degli adulti in dimensione missionaria /$cGiovanni Colzani. 300 $a10 p. 500 $aTitolo dalla copertina. 650 4$aCatechesi [per] adulti.$0(OLS)http://semarc/subject/3455 773 0 $tCorso di aggiornamento teologico 1983-1984.$d[Milano : s.n., 1984]$g4$w()25136 850 $aSeMil 852 $aSeMil$W1$xVenegono$y1$m5B III 17/27$j154044$B154044$CSeMilBibl$Z2$F164913 $81 961 $aOmaggio: Altro 996 $6245$aLa catechesi degli adulti in dimensione missionaria$9(OLS)http://semarc/title/294832 LEADER 01193nam a2200253 i 4500 001 000000031111 003 CaOOAMICUS 005 20180830125449.0 008 180830s1935 it u000 u ita u 040 $aSeMil$bita 245 10$aCorso di preparazione politica per i giovani /$cFederazione Provinciale Fascista Milanese. 260 $aMilano :$b[s.n.],$c1935-1938. 300 $a5 v. ;$c32 cm. 650 4$aFascismo - Studi.$0(OLS)http://semarc/subject/4969 650 4$aFascismo - Politica.$0(OLS)http://semarc/subject/29168 650 4$aGiovani - Educazione fascista.$0(OLS)http://semarc/subject/4971 700 1 $aPartito Nazionale Fascista : Federazione provinciale .$0(OLS)http://semarc/name/14393 774 0 $tRiassunti delle lezioni tenute nel primo trimestre.$g1$w()236922 774 0 $tRiassunti delle lezioni tenute nel secondo trimestre.$g2$w()236923 774 0 $tRiassunti delle lezioni.$g3$w()236926 774 0 $tRiassunti delle lezioni.$g4$w()236929 774 0 $tRiassunti delle lezioni.$g5$w()236930 996 $6245$aCorso di preparazione politica per i giovani$9(OLS)http://semarc/title/42347 996 $6260$aMilano :$b[s.n.]$9(OLS)http://semarc/publisher/29709